000 00416nam a2200145Ia 4500
003 SISC
005 20191121155511.0
008 180219s9999 xx 000 0 und d
020 _a9789715132558
100 _aQuiambao-Udan, Josie
245 _aNCLEX-RN TEST-PREP for international nurses :
_bseries I /
260 _aErmita City :
_bEducational publishing house
_c2009
300 _av, 989 pages
942 _2lcc
_cBK
999 _c355973
_d355973